[Event "Arad op"]
[Site "Arad"]
[Date "2012.07.28"]
[Round "2"]
[White "Suciu, Dinu Simi"]
[Black "Chirila, Ioan Cristian"]
[Result "0-1"]
[WhiteElo "2071"]
[BlackElo "2504"]
[PlyCount "90"]
[EventDate "2012.07.27"]
[EventType "swiss"]
[EventRounds "9"]
[EventCountry "ROU"]
[SourceTitle "CBM 149 Extra"]
[Source "ChessBase"]
[SourceDate "2012.08.24"]
[SourceVersion "1"]
[SourceVersionDate "2012.08.24"]
[SourceQuality "1"]

1. d4 Nf6 2. Nf3 e6 3. Nbd2 c5 4. e3 b6 5. Bd3 Bb7 6. 0-0 Be7 7. Qe2 cxd4 8. exd4 d6 9. c3 0-0 10. Re1 Nbd7 11. Nf1 Re8 12. Bg5 Qc7 13. Rad1 Bf8 14. Ng3 g6 15. Ne4 Bg7 16. Nxf6+ Nxf6 17. Bh4 Rac8 18. Bb5 Bc6 19. Ba6 Rb8 20. Bb5 Qb7 21. Bg3 Rbd8 22. Bh4 Bxb5 23. Qxb5 a6 24. Qd3 b5 25. a3 Rc8 26. Bg3 Bf8 27. Ng5 a5 28. Ne4 Nxe4 29. Rxe4 Qd5 30. Qf3 Qb3 31. Qe2 b4 32. axb4 axb4 33. cxb4 Rc2 34. Qe1 d5 35. Re3 Qxb2 36. Rb1 Qxd4 37. Be5 Qc4 38. h3 Rc8 39. Reb3 Re2 40. Qc3 Bxb4 41. Qg3 Bc5 42. Qf3 Qe4 43. Rb8 Rxb8 44. Bxb8 Qxb1+ 45. Kh2 Bxf2 0-1

[Event "Satu Mare op 2nd"]
[Site "Satu Mare"]
[Date "2011.07.16"]
[Round "3"]
[White "Secheres, Adrian Simion"]
[Black "Suciu, Dinu Simi"]
[Result "1/2-1/2"]
[WhiteElo "2005"]
[BlackElo "2116"]
[PlyCount "119"]
[EventDate "2011.07.15"]
[EventType "swiss"]
[EventRounds "9"]
[EventCountry "ROU"]
[SourceTitle "CBM 143 Extra"]
[Source "ChessBase"]
[SourceDate "2011.08.29"]
[SourceVersion "1"]
[SourceVersionDate "2011.08.29"]
[SourceQuality "1"]

1. d4 d5 2. c4 c6 3. Nf3 Nf6 4. Qc2 Bg4 5. Ne5 e6 6. Nxg4 Nxg4 7. Bf4 Bd6 8. Bxd6 Qxd6 9. e3 0-0 10. Be2 Nh6 11. Nc3 Nd7 12. 0-0 f5 13. b4 Nf6 14. c5 Qc7 15. b5 e5 16. bxc6 bxc6 17. Qa4 Nhg4 18. g3 exd4 19. Qxd4 Ne5 20. Rab1 Ne4 21. Rb3 Rae8 22. Rfb1 Qa5 23. f4 Nd7 24. Nxe4 Rxe4 25. Qc3 Ra4 26. Rc1 Rxa2 27. Bd3 Qxc3 28. Rcxc3 Ra5 29. Rb7 Nxc5 30. Rc7 Nxd3 31. Rxd3 Rc5 32. Rxa7 Rb8 33. Rd2 Rc3 34. Kf2 Re8 35. Rc7 Rexe3 36. Rxc6 Rf3+ 37. Kg2 Rxg3+ 38. hxg3 Rxc6 39. Rxd5 g6 40. Rd7 Rf6 41. Kh3 Rf7 42. Rd6 Kg7 43. g4 fxg4+ 44. Kxg4 Rc7 45. Rb6 h5+ 46. Kg5 Rc5+ 47. Kh4 Rc1 48. Kg3 Rg1+ 49. Kf2 Rd1 50. Kg3 Rd3+ 51. Kf2 Rd5 52. Kf3 Rf5 53. Ke4 Rf6 54. Rb5 Re6+ 55. Kf3 Kf6 56. Ra5 Rb6 57. Rc5 Rb3+ 58. Kf2 Rd3 59. Ra5 Ke6 60. Rg5 1/2-1/2